Loading...
| Fine Arts - Classical Music | 0 | 5 | 0 | 0 | 50 | 96 | 112.40 | 1 | 4 | 0.00 | 0.00 |
| Literature - European | 0 | 4 | 0 | 1 | 40 | 116 | 124.00 | 0 | 2 | 0.00 | 0.00 |
| History - Other | 0 | 3 | 0 | 1 | 30 | 86 | 101.33 | 1 | 1 | 0.00 | 0.00 |
| Mythology | 0 | 3 | 0 | 1 | 30 | 72 | 101.33 | 0 | 2 | 0.00 | 0.00 |
| Science - Biology | 0 | 3 | 0 | 1 | 30 | 78 | 96.00 | 1 | 2 | 0.00 | 0.00 |
| Literature - British | 0 | 3 | 0 | 0 | 30 | 72 | 90.00 | 0 | 2 | 0.00 | 0.00 |
| Literature - World | 0 | 2 | 0 | 0 | 20 | 102 | 116.50 | 0 | 1 | 0.00 | 0.00 |
| Social Science | 0 | 1 | 0 | 0 | 10 | 89 | 89.00 | 0 | 1 | 0.00 | 0.00 |
| Philosophy | 0 | 1 | 0 | 0 | 10 | 122 | 122.00 | 0 | 0 | 0.00 | 0.00 |
| Science - Chemistry | 0 | 1 | 0 | 0 | 10 | 59 | 59.00 | 1 | 1 | 0.00 | 0.00 |
| Current Events | 0 | 1 | 0 | 0 | 10 | 10 | 10.00 | 1 | 1 | 0.00 | 0.00 |
| Other Academic | 0 | 1 | 0 | 0 | 10 | 47 | 47.00 | 0 | 1 | 0.00 | 0.00 |
| Fine Arts - Other | 0 | 1 | 1 | 1 | 5 | 118 | 118.00 | 0 | 0 | 0.00 | 0.00 |
| Literature - American | 0 | 0 | 1 | 0 | -5 | 0.00 | 0 | 0 | 0.00 | 0.00 | |
| History - American | 0 | 0 | 1 | 0 | -5 | 0.00 | 0 | 0 | 0.00 | 0.00 |